000 00322nam a2200145Ia 4500
008 230718s9999 xx 000 0 und d
041 _aEng.
082 _a340
_bIRV-T
100 _aIrving, Ronald
245 4 _aThe Law is a Ass'
260 _aPakistan
_bNew Dehli
_c2014
300 _a228
650 _aLaw
999 _c31368
_d31368